Pays qui faisaient autrefois partie de la Pologne - Statistiques

Statistiques générales
  • Ce quiz a été pris 296 fois
    282 depuis la dernière actualisation
  • Le résultat moyen est 11 sur 12
Statistiques - réponses
Pays % Correct
Allemagne
98%
Lituanie
96%
Lettonie
95%
Russie
95%
Ukraine
95%
Biélorussie
94%
Estonie
93%
République Tchèque
92%
Slovaquie
92%
Roumanie
80%
Moldavie
79%
Pologne
56%
Aucun quiz correspondant
Distribution des résultats
% des personnes avec chaque résultat
Percentile par nombre de réponses
Votre historique - résultats
Vous n’avez pas pris ce quiz depuis la dernière actualisation